000 00194 a2200097 4500
001 8374
090 _c6745
_d6745
100 _aBailely, J
245 _aA short Boswell (Shifted to SOA)
260 _bNelson
942 _aNUST-CAE
999 _c243447
_d243447